000 00312nam a2200133Ia 4500
005 20251222152026.0
008 251222s9999||||xx |||||||||||||| ||spa||
082 _a833.912/Z98
100 _aZweig, Stefan
245 0 _aImpaciencia del Corazón
250 _a1ra.ed.
264 _bLuis de Caralt,
942 _cLIB
999 _c25484
_d25484